000
00275nam a2200109Ia 4500
008
201217s9999 xx 000 0 und d
100
_a
Salmon, Michael
245
0
_a
Industrial Relations : Theory & Practrice
260
_a
New York
_b
Prentice Hall
300
_a
577
942
_c
BK
999
_c
7874
_d
7874